Culture Générale - Clic Quiz - La réponse est en emoji par IA #13 - Statistiques

Statistiques générales
  • Ce quiz a été pris 254 fois
  • Le résultat moyen est 23 sur 40
Statistiques - réponses
Hint Réponse % Correct
Nefertiti
94%
Marge Simpson
88%
Mimie Mathy
87%
Pamela Anderson
86%
Lisa Simpson
85%
Frida Kahlo
84%
Afida Turner
78%
Anne Frank
77%
Morticia Addams
76%
Adèle
74%
Kristen Stewart
73%
Xéna
71%
Hua Mulan
68%
Malala Yousafzai
67%
Emma Stone
67%
Elsa d'Arendelle
66%
Lana Del Rey
63%
Camilla Parker Bowles
61%
Aphrodite
61%
Tina Turner
61%
Grace Kelly
59%
Salma Hayek
58%
Audrey Tautou
56%
Gwyneth Paltrow
54%
Cyndi Lauper
53%
Cate Blanchett
52%
Reese Witherspoon
50%
Lisa Kudrow
49%
Björk
43%
Ellie Goulding
41%
Michonne
41%
Alex Morgan
39%
Jennifer Garner
38%
Asa Akira
34%
Angela Bassett
33%
Simone Signoret
33%
Angela White
28%
Barbara Palvin
24%
Rachel Weisz
24%
Ada Lovelace
22%
Aucun quiz correspondant
Distribution des résultats
% des personnes avec chaque résultat
Percentile par nombre de réponses
Votre historique - résultats
Vous n’avez pas pris ce quiz